Представление документа в формате MARC21

Поле Инд. ПП Название Значение
Тип записи a
Библиографический уровень b
001 Контрольный номер RU/IS/BASE/257523023
005 Дата корректировки 20200522191213.9
008 Кодируемые данные 20080228
040 b Код языка каталог. rus
e Правила каталог. PSBO
041 0_ a Код языка текста rus
084 a Индекс другой классификации/Индекс ББК 81.411.2-3
100 1_ a Автор Ермакова О. Б.
245 10 a Заглавие Человек и цвет в русской языковой картине мира: цвет и раса
504 a Библиография Библиогр. - Примеч.: с. 127 - 128
650 04 a Основная рубрика лексикология
a Основная рубрика русский язык
a Основная рубрика филологические науки
a Основная рубрика частное языкознание
a Основная рубрика языкознание
653 0_ a Ключевые слова идеализированные когнитивные модели
a Ключевые слова метонимия
a Ключевые слова раса
a Ключевые слова цвет кожи
a Ключевые слова человек
a Ключевые слова языковая картина мира
773 0_ t Заглавие источника Вестник Московского университета. Серия 9, Филология
d Дата издания источника 2007
g Прочая информация № 3. - С. 120 - 128
w Контрольный № источника RU/IS/BASE/238074426
901 t Тип документа b